Т. 1; История и методология термодинамики и статистической физики

Détails bibliographiques
Parent link:История и методология термодинамики и статистической физики/ Я. М. Гельфер. Т. 1.— , 1969-1973
Langue:russe
Publié: 1969
Sujets:
Format: Livre
KOHA link:https://koha.lib.tpu.ru/cgi-bin/koha/opac-detail.pl?biblionumber=43360

MARC

LEADER 00000nam2a2200000 4500
001 43360
005 20231101210818.0
035 |a (RuTPU)RU\TPU\book\44839 
090 |a 43360 
100 |a 20021008d1969 km y0rusy50 ca 
101 0 |a rus 
102 |a RU 
105 |a a z 001zd 
200 0 |a Т. 1 
210 |d 1969 
215 |a 475 с.  |c ил. 
320 |a Библиогр.: с. 462-466. 
320 |a Указ. имен: с. 467-472. 
461 1 |0 (RuTPU)RU\TPU\book\44828  |t История и методология термодинамики и статистической физики  |f Я. М. Гельфер  |v Т. 1  |d 1969-1973 
600 1 |a Блэк  |b Д.  |f 1728-1799  |g Джозеф  |c шотландский химик и физик  |2 stltpush  |3 (RuTPU)RU\TPU\pers\6489 
600 1 |a Больцман  |b Л. Э.  |f 1844-1906  |g Людвиг Эдуард  |c австрийский физик  |2 stltpush  |3 (RuTPU)RU\TPU\pers\4384 
600 1 |a Эйнштейн  |g Альберт  |b А.  |c физик-теоретик  |c Нобелевский лауреат  |f 1879-1955  |2 stltpui  |3 (RuTPU)RU\TPU\pers\817 
600 1 |a Томсон  |b У.  |f 1824 - 1907  |g Уильям (Вильям)  |c барон Кельвин  |c английский физик  |2 stltpush  |3 (RuTPU)RU\TPU\pers\6491 
600 1 |a Рихман  |b Г. В.  |f 1711 - 1753  |g Георг Вильгельм  |c российский физик  |c академик Петербургской АН  |2 stltpush  |3 (RuTPU)RU\TPU\pers\4086 
600 1 |a Пирогов  |g Николай Иванович  |b Н. И.  |c российский хирург  |c анатом  |c член-корреспондент Петербургской АН  |f 1810 - 1881  |2 stltpui  |3 (RuTPU)RU\TPU\pers\1675 
600 1 |a Максвелл  |g Джеймс Клерк  |b Дж. К.  |c английский физик  |c создатель классической электродинамики  |f 1831 - 1879  |2 stltpui  |3 (RuTPU)RU\TPU\pers\287 
600 1 |a Майер  |b Ю. Р.  |f 1814 - 1878  |g Юлиус Роберт  |c немецкий естествоиспытатель  |c врач  |2 stltpush  |3 (RuTPU)RU\TPU\pers\4377 
600 1 |a Джоуль  |b Д. П.  |g Джеймс Прескотт  |c английский физик  |f 1818 - 1889  |2 stltpush  |3 (RuTPU)RU\TPU\pers\6490 
600 1 |a Карно  |g Никола Леонар Сади  |c французский физик  |c инженер  |f 1796 - 1832  |b Н. Л. С.  |2 stltpui  |3 (RuTPU)RU\TPU\pers\1653 
600 1 |a Клаузиус  |b Р. Ю.  |f 1822 - 1888  |g Рудольф Юлиус  |c немецкий физик  |c один из основателей термодинамики  |2 stltpush  |3 (RuTPU)RU\TPU\pers\6493 
600 1 |a Шиллер  |b Н. Н.  |f 1848-1910  |g Николай Николаевич  |c российский физик  |2 stltpush  |3 (RuTPU)RU\TPU\pers\6494 
600 1 |a Станкевич  |b Б. В.  |c российский физик  |c магнитолог  |f 1860 - 1924  |g Борис Вячеславович  |2 stltpush  |3 (RuTPU)RU\TPU\pers\11689  |9 2858 
610 1 |a статистическая физика 
610 1 |a термодинамика 
610 1 |a история 
610 1 |a методология 
610 1 |a возникновение 
610 1 |a эволюция 
610 1 |a теплота 
610 1 |a термометры 
610 1 |a изобретения 
610 1 |a корпускулярная теория 
610 1 |a тепловые явления 
610 1 |a 19 век 
610 1 |a 20 век 
610 1 |a молекулярно-кинетическая теория 
610 1 |a механицизм 
610 1 |a первое начало термодинамики 
610 1 |a второе начало термодинамики 
610 1 |a броуновское движение 
610 1 |a библиотека А. Г. Стромберга 
675 |a 536.7(09)  |v 3 
675 |a 530.1(09)  |v 3 
801 1 |a RU  |b 63413507  |c 20021008  |g PSBO 
801 2 |a RU  |b 63413507  |c 20170912  |g PSBO 
942 |c BK